000 00294nam a22001097a 4500
008 170118b xxu||||| |||| 00| 0 eng d
020 _a9780132208734
041 _aeng
080 _28TH
_a618.2
245 _aMATENAL-NEWBORN NURSING & WOMEN'S HEALTH ACROSS THE LIFESPAN
_cDAVIDSON
942 _2udc
_cBK
999 _c3135
_d3135